La pasión por reconocerse (Record no. 32007)

MARC details
000 -LEADER
campo de control de longitud fija 00924nam a2200241 i 4500
001 - NÚMERO DE CONTROL
campo de control 32007
003 - IDENTIFICADOR DE NÚMERO DE CONTROL
campo de control ES-MaACL
005 - FECHA Y HORA DE LA ÚLTIMA TRANSACCIÓN
campo de control 20240508093101.0
007 - CAMPO FIJO DE DESCRIPCIÓN FÍSICA--INFORMACIÓN GENERAL
campo de control de longitud fija t|
008 - DATOS DE LONGITUD FIJA--INFORMACIÓN GENERAL
campo de control de longitud fija 021203s2002 sp ||||1| spa d
020 ## - NÚMERO INTERNACIONAL ESTÁNDAR DEL LIBRO
Número Internacional Estándar del Libro 84-931519-8-X
080 ## - NÚMERO DE LA CLASIFICACIÓN DECIMAL UNIVERSAL
Número de la Clasificación Decimal Universal 821.134.2 Tundidor, Jesús Hilario 1.07
100 1# - ENTRADA PRINCIPAL--NOMBRE DE PERSONA
Nombre de persona Baita, Giuliana.
9 (RLIN) 24747
245 13 - MENCIÓN DEL TÍTULO
Título La pasión por reconocerse
Resto del título : la poesía de Jesús Hilario Tundidor, guía de lectura /
Mención de responsabilidad, etc. [por Giuliana Baita] ; prólogo por Pedro Hilario Silva y Antonio Crespo Massieu.
260 ## - PUBLICACIÓN, DISTRIBUCIÓN, ETC.
Lugar de publicación, distribución, etc. [Valladolid] :
Nombre del editor, distribuidor, etc. Academia Castellano Leonesa de la Poesía :
-- Azul,
Fecha de publicación, distribución, etc. 2002.
300 ## - DESCRIPCIÓN FÍSICA
Extensión 331 p. ;
Dimensiones 22 cm.
600 14 - PUNTO DE ACCESO ADICIONAL DE MATERIA--NOMBRE DE PERSONA
Nombre de persona Tundidor, Jesús Hilario,
Fechas asociadas al nombre 1935-
9 (RLIN) 111674
700 1# - ENTRADA AGREGADA--NOMBRE PERSONAL
Nombre de persona Hilario Silva, Pedro.
9 (RLIN) 63670
700 1# - ENTRADA AGREGADA--NOMBRE PERSONAL
Nombre de persona Crespo Massieu, Antonio.
9 (RLIN) 41549
710 2# - ENTRADA AGREGADA--NOMBRE DE ENTIDAD CORPORATIVA
Nombre de entidad corporativa o nombre de jurisdicción como elemento de entrada Academia Castellano Leonesa de la Poesía.
9 (RLIN) 1149
852 ## - LOCALIZACIÓN
Ubicación ES-MaACL
Número de control de estantería L-26123
Sublocalización o colección R.1318103
Holdings
Estatus retirado Estado de pérdida Estado de daño No para préstamo Biblioteca de origen Biblioteca actual Ubicación en estantería Fecha de adquisición Fuente de adquisición Total de préstamos Signatura topográfica completa Código de barras Visto por última vez Precio de reemplazo Tipo de ítem Koha
        Biblioteca del Ateneo de Madrid Biblioteca del Ateneo de Madrid Depósito 2 17/01/2008     L-26123 1033118 23/02/2023 23/02/2023 Libro impreso